000
00297nam a2200109 4500
999
_c
11332
_d
11332
008
181116b ||||| |||| 00| 0 eng d
245
_a
Child's play is good for all of us.
260
_a
Philippines
_b
The Philippine Star
_c
c2017
300
_a
page 18.
650
0
_9
32577
_a
Health.
942
_2
ddc
_c
PER